The spirit of budo : (Record no. 3816)
[ view plain ]
| 000 -LEADER | |
|---|---|
| fixed length control field | 00486pam a2200169 4500 |
| 001 - CONTROL NUMBER | |
| control field | 4601 |
| 005 - DATE AND TIME OF LATEST TRANSACTION | |
| control field | 20181127173753.0 |
| 008 - FIXED-LENGTH DATA ELEMENTS--GENERAL INFORMATION | |
| fixed length control field | 960403s1998 enk 000 0 eng |
| 010 ## - LIBRARY OF CONGRESS CONTROL NUMBER | |
| LC control number | 96014956 |
| 020 ## - INTERNATIONAL STANDARD BOOK NUMBER | |
| International Standard Book Number | 0710305621 (alk. paper) |
| 043 ## - GEOGRAPHIC AREA CODE | |
| Geographic area code | a-ja--- |
| 245 14 - TITLE STATEMENT | |
| Title | The spirit of budo : |
| Remainder of title | the history of Japan's martial arts. |
| Statement of responsibility, etc. | |
| 260 ## - PUBLICATION, DISTRIBUTION, ETC. | |
| Place of publication, distribution, etc. | Japan : |
| -- | |
| Name of publisher, distributor, etc. | Nippon Budokan Foundation, |
| Date of publication, distribution, etc. | 2012. |
| 300 ## - PHYSICAL DESCRIPTION | |
| Extent | 43 p. ; |
| Dimensions | 21 cm. |
| 650 #0 - SUBJECT ADDED ENTRY--TOPICAL TERM | |
| Topical term or geographic name entry element | Bushido. |
| Topical term or geographic name entry element | Martial arts |
| Geographic subdivision | Japan |
| General subdivision | Philosophy. |
| Withdrawn status | Lost status | Source of classification or shelving scheme | Damaged status | Not for loan | Collection code | Home library | Current library | Shelving location | Serial Enumeration / chronology | Inventory number | Total Checkouts | Full call number | Barcode | Date last seen | Price effective from | Koha item type |
|---|---|---|---|---|---|---|---|---|---|---|---|---|---|---|---|---|
| Dewey Decimal Classification | Main TEST | RTC Library | RTC Library | Main opac | 7311 | 796.8 NIP | 30007387 | 27/11/2018 | 27/11/2018 | Main |